000 00983nam a22001577a 4500
999 _c121176
_d121176
008 190716b2019 ||||| |||| 00| 0 eng d
110 _96290
_aReal Estate Data Foundation
245 _aReal Estate Data Foundation
520 _aThe Real Estate Data Foundation is a not for profit collection of Real Estate industry organisations, academia and companies with an interest in the use of data. The Real Estate Data Foundation is a not for profit collection of Real Estate industry organisations, academia and companies with an interest in the use of data. It provides a forum for all organisations to share insights, learn from each other and agree industry best practice and conventions. Its is to support real estate to effectively use data for the good of the public and the sector.
650 _aData
650 _aRICS
650 _aBig Data
651 _aUnited Kingdom
690 _96274
_aPropTech
856 _uhttps://www.theredfoundation.org
_zView at theredfoundation.org